[Event "Poikovsky Karpov 11th"]
[Site "Poikovsky"]
[Date "2010.06.07"]
[Round "6"]
[White "Jakovenko, Dmitrij"]
[Black "Vitiugov, Nikita"]
[Result "1-0"]
[WhiteElo "2725"]
[BlackElo "2707"]
[Annotator "Krasenkow,M"]
[PlyCount "85"]
[EventDate "2010.06.02"]
[EventType "tourn"]
[EventRounds "11"]
[EventCountry "RUS"]
[EventCategory "18"]
[SourceTitle "CBM 137"]
[Source "ChessBase"]
[SourceDate "2010.07.15"]
[SourceVersion "1"]
[SourceVersionDate "2010.07.15"]
[SourceQuality "1"]

1. d4 d5 2. c4 c6 3. Nc3 Nf6 4. e3 e6 5. Nf3 a6 6. b3 Bb4 7. Bd2 Nbd7 8. Bd3
O-O 9. O-O Bd6 10. Rc1 {A relatively fresh idea.} (10. Qc2 {and}) (10. e4 {
are more common.}) 10... Re8 11. h3 h6 {For this line - see Malkhov -
Fressinet in CBM 112 (annotations by GM Ch.Lutz). However, later practice has
provided some new examples.} 12. e4 (12. Re1 dxc4 13. bxc4 e5 14. Qc2 Qe7 15.
c5 Bc7 16. e4 exd4 17. Na4 Ne5 18. Nxe5 Qxe5 19. f4 Qe7 $13 {0-1 Scekic,M 
(2371)-Erenburg,S (2563)/New Jersey 2008/CBM 125 Extra (47)}) (12. Qc2 $5 {
looks quite flexible:} e5 (12... b6 $2 13. cxd5 cxd5 14. Nxd5 $1 $16 {0-1
Gajewski,G-Potkin,V/Pardubice 2005/CBM 107 ext (43)}) 13. cxd5 cxd5 14. dxe5
Nxe5 15. Nxe5 Bxe5 {We have again reached an IQP position which is typical for
this line. White has the problem that ther Bd2 is unharmoniously placed. Wir
haben wieder die für dieses Abspiel typische Isolani-Stellung erreicht. Weiß
hat das Problem, dass der Bd2 nicht harmonisch steht.} 16. Ne2 Ne4 {Black
prevents Bd2-c3, which would create a pleasant plus for White.. So verhindert
Schwarz Bd2-c3, was Weiß ein bequemes Plus verschaffen würde.} 17. Bxe4 $1 (17.
Rfd1 Bf5 18. Be1 Qb6 19. Nd4 Bxd4 20. exd4 Rac8 21. Qb1 Qg6 22. Rxc8 Rxc8 23.
f3 Nd6 24. Bxf5 Qxf5 25. Qxf5 Nxf5 $15 {1/2 Navara,D-Motylev,A/Wijk aan Zee
2006/CBM 111(41)}) (17. Be1 Bb8 $5 {It looks wrong to retreat the active Be5,
but on the other hand Black can now set up a bishop-queen battery against the
white king..} 18. f3 Nf6 19. Qd2 Qe7 20. Bf2 Bd7 21. Rfe1 Qe5 22. Ng3 Ba7 23.
Qb4 Rac8 24. Rxc8 Bxc8 25. Nf1 Nd7 26. Rc1 Qe6 27. Bb1 Ne5 $11 {1-0 Malakhov,V
(2694)-Fressinet,L (2625)/Moscow 2006/CBM 112/[Lutz] (83)}) 17... dxe4 18. Bc3
$1 {A typical exchange of Black's strong bishop.} Bxc3 (18... Bb8 $5 {must be
checked, e.g.} 19. Rfd1 (19. Ng3 $5) 19... Qg5 20. Kf1) 19. Qxc3 Qg5 20. Ng3 (
20. Kh2 Bd7 21. Rfd1 Rac8 22. Qd4 Rxc1 23. Rxc1 Bc6 24. Rd1 Kh7 25. Qd6 Re7 26.
Qb8 Re8 27. Qf4 Qxf4+ 28. Nxf4 $14 {1-0 Petrosian,T (2602)-Vysochin,S (2550)/
Ohrid 2009/CBM 133 (62)}) 20... Bd7 21. Rfd1 Bc6 22. Rd6 Rad8 23. Rcd1 Rxd6 24.
Rxd6 g6 25. Ne2 h5 26. Qd2 Qc5 27. h4 Bb5 28. Nf4 $14 {1-0 Ftacnik,L (2573)
-Iskusnyh,S (2463)/Dresden 2007/CBM 118 (50)}) 12... dxc4 13. bxc4 $1 (13. Bxc4
{, not making use of the b3-pawn, is a bit illogical:} e5 14. d5 cxd5 15. Bxd5
Ba3 16. Rc2 Nb6 17. Bc1 Bb4 18. Bb2 Nbxd5 19. Nxd5 Nxd5 20. exd5 Bf5 21. Rc4
Bd6 $15 {1/2 Volkov,S (2623)-Motylev,A (2644)/Moscow 2008/CBM 122 Extra (51)})
13... e5 14. c5 (14. d5 $6 {weakens the dark squares too much:} Nc5 15. Bb1
cxd5 16. cxd5 b5 17. Be3 Bd7 18. Nd2 Rc8 19. Qf3 Qe7 20. Ne2 Rc7 21. g4 Rec8
22. Ng3 Nh7 23. Qg2 Na4 $36 {1/2 Krylov,M (2489)-Kobalia,M (2648)/St
Petersburg 2009/CBM 132 Extra (46)}) 14... Bc7 (14... Bf8 $143 {[%csl Rf8]} 15.
Na4 exd4 16. Re1 Qc7 17. Bb1 Rb8 18. Nxd4 Ne5 19. Nf3 Be6 20. Bf4 Nfd7 21. Nd4
Rbd8 22. Nxe6 Rxe6 23. Qb3 $14 {1-0 Panelo Munoz,M (2414)-Almeida Toledano,D 
(2303)/Canovelles 2008/CBM 126 Extra (25)}) 15. Be3 exd4 16. Bxd4 $14 {[%csl
Gc5] A typical position. White's strong c5-pawn "holds" Black's queenside (...
b7-b6 would weaken the c6 pawn), and White can exploit his kingside pawn
advantage.} Nh5 (16... Ne5 17. Bxe5 Bxe5 18. Nxe5 Rxe5 19. Na4 Be6 20. f4 Qd4+
21. Kh1 $14) (16... Qe7 17. Na4 Ne5 18. Bxe5 Bxe5 19. Nxe5 Qxe5 20. Nb6 Rb8 21.
f4 Qd4+ 22. Kh2 $14 Nxe4 $4 23. Rc4) 17. e5 $1 Nf4 18. Bc4 Ne6 $146 {This
novelty doesn't change the unfavourable evaluation.} (18... b6 $6 19. Qb3 Ne6
20. cxb6 Nxb6 21. Bxb6 Bxb6 22. Rfd1 Qc7 23. Ne4 Qa7 24. Qc2 $16 {1-0 Gajewski,
G (2575)-Kempinski,R (2613)/Karpacz 2008/CBM 126 Extra (31)}) (18... Nxe5 19.
Bxe5 Qxd1 20. Rfxd1 Bxe5 21. Nxe5 Rxe5 22. Rd8+ Kh7 23. Na4 $16) (18... Qe7 19.
Qb3 $1 $14) 19. Bxe6 Rxe6 20. Ne4 Nf8 (20... Rb8 $5 $14 21. Nd6 $140 b6) 21.
Nd6 {[%csl Gd6]} Bd7 $6 {A strange pawn sacrifice.} (21... Rg6 $142 22. Kh1 Be6
23. Nxb7 $140 Qc8 (23... Qd7 $5) (23... Qe7 $5) 24. Nd6 Bxd6 25. exd6 Bxh3 26.
Rg1 Bg4 $132) 22. Nxb7 Qe7 23. Nd6 Rg6 24. Kh1 Be6 25. Ba1 $5 {White gives
back his material advantage to parry Black's threats and simplify the position.
} (25. Qe2 {was also possible, e.g.} Bd5 26. Rfe1 Ne6 27. Be3) 25... Bxa2 26.
Nf5 Qd8 (26... Qe6 27. N3h4 Rg5 28. Nd4 $1 Qd7 29. f4 Bd5 30. e6 $1 Nxe6 31.
fxg5 Nxd4 32. Kg1 $16) 27. Qxd8 Bxd8 28. N3d4 Kh7 (28... Bd5 29. Ne3 Be4 30. f3
Bg5 31. f4 Bd8 (31... Bh4 32. Ndf5 Bd8 33. Nd6) 32. Kh2 $16) (28... a5 $5) 29.
Ne3 Ne6 30. f4 Nxd4 31. Bxd4 Re6 32. Ra1 Bd5 33. Nxd5 cxd5 $16 {[%csl Gc5]
[%mdl 4096] _|_} 34. Rfd1 $6 {This plan (the attack of the d5-pawn) is
probably wrong.} (34. Rfb1 $142 {[%cal Yb1b7]}) 34... Be7 35. Bf2 Rd8 36. Rab1
g5 $1 {[%csl Re5]} 37. fxg5 (37. f5 $5 Rxe5 38. c6 Bd6 (38... Rc8 39. c7 $1
Rxf5 40. Bg3 Bd8 $8 41. cxd8=Q Rxd8 42. Ra1 $16) 39. Bg3 Ree8 40. c7 Bxg3 $8
41. cxd8=Q Rxd8 42. Rd3 $1 $14) 37... hxg5 38. Rb7 Kg6 $2 {Missing his chance.}
(38... Rxe5 $1 39. c6 (39. Bg3 Re6 40. c6 Rc8) 39... Rc8 40. c7 Bd6 $1 41. Bg3
Re6 $11) 39. c6 Rc8 40. c7 {[%csl Gc7]} Bf8 (40... Rxe5 41. Bg3 $18 {[%cal
Yb7b8]}) (40... Rc6 41. Bb6 {[%cal Rb7b8]}) 41. Rxd5 Ree8 42. g4 Bg7 43. Bg3 {
Black is completely paralysed; White can collect the a6-pawn, bring his king
to the queenside or play e5-e6, depending on Black's reply.} 1-0

[Event "Poikovsky Karpov 11th"]
[Site "Poikovsky"]
[Date "2010.06.02"]
[Round "1"]
[White "Onischuk, Alexander"]
[Black "Motylev, Alexander"]
[Result "1/2-1/2"]
[WhiteElo "2699"]
[BlackElo "2704"]
[Annotator "Krasenkow,M"]
[PlyCount "87"]
[EventDate "2010.06.02"]
[EventType "tourn"]
[EventRounds "11"]
[EventCountry "RUS"]
[EventCategory "18"]
[SourceTitle "CBM 137"]
[Source "ChessBase"]
[SourceDate "2010.07.15"]
[SourceVersion "1"]
[SourceVersionDate "2010.07.15"]
[SourceQuality "1"]

1. d4 d5 2. c4 c6 3. Nc3 Nf6 4. e3 e6 5. Nf3 a6 6. c5 Nbd7 7. b4 b6 {This is
usually played on move 6 since White can keep his c5 outpost now.} 8. Bb2 (8.
Bd2 a5 9. a3 Ne4 $1) 8... a5 (8... Rb8 9. Qc2 bxc5 10. bxc5 Qa5 11. Be2 Ne4 12.
Rc1 Be7 13. O-O f5 14. Ba1 Qc7 15. Rb1 $14 {1-0 Arencibia Rodriguez,W (2530)
-Perez Mitjans,O (2415)/Havana 2006/CBM 115 ext (55)}) 9. a3 Be7 {This line
was seen in practice for the first time many years ago:} (9... Qc7 10. Be2 Be7
11. O-O O-O 12. Qc2 bxc5 13. bxc5 Ba6 14. Bxa6 Rxa6 15. Rab1 Rb8 16. Ba1 Raa8
17. h3 Ne8 18. Na4 f6 19. e4 $1 $16 {1-0 Saemisch,F-Elm,W/Bad Harzburg 1946/
EXT 1998 (33)}) 10. Bd3 O-O (10... Ba6 $2 11. Bxa6 Rxa6 12. b5 $1 cxb5 13. c6
b4 (13... Nb8 $2 14. Nxb5 Nxc6 15. Rc1 Qd7 16. Qc2) 14. cxd7+ Qxd7 15. axb4
Bxb4 16. O-O $18 {0-1 Maiorov,N (2511)-Aleksandrov,A (2617)/Warsaw 2009/CBM
133 Extra (45)}) 11. Qc2 $146 {[%mdl 8]} (11. O-O Ba6 {There is no reason for
Black to delay this exchange:} (11... Qc7 12. Qe2 axb4 (12... Bb7 13. Na4 axb4
14. axb4 bxc5 15. Nxc5 Bxc5 16. bxc5 Ne4 17. Qc2 f5 18. Rfb1 h6 19. h3 Rfb8 20.
Bc3 Qc8 21. Be1 Ba6 22. Rxb8 Nxb8 23. Qa2 Bb7 24. Qb2 $16 {1-0 Fressinet,L 
(2664)-Akopian,V (2696)/Paris 2009/CBM 130 Extra (68)}) 13. axb4 Bb7 14. h3
bxc5 15. bxc5 Rxa1 16. Rxa1 Ra8 17. Qd1 Rxa1 18. Qxa1 h6 19. Qa4 Bd8 20. Na2
Qa5 21. Qxa5 Bxa5 22. Bc3 Bc7 23. Nd2 Kf8 24. Nb3 Ke7 25. Ba5 $14 {1-0 Aronian,
L (2754)-Akopian,V (2696)/Nalchik 2009/CBM 130 (94)}) 12. Qe2 Bxd3 13. Qxd3 Qc7
14. h3 Rfb8 15. Rfb1 Rb7 16. Qc2 h6 17. Nd2 Rab8 18. Bc1 axb4 19. axb4 e5 $11 {
1/2 Matlakov,M (2600)-Jakovenko,D (2725)/Dagomys RUS 2010/The Week in Chess
805 (49)}) 11... Qc7 (11... Ba6 $2 {doesn't work now due to} 12. Bxa6 Rxa6 13.
b5 cxb5 14. c6 Nb8 15. Nxb5) 12. O-O Ba6 {[%mdl 32] And now it is timely.} 13.
Bxa6 Rxa6 {Similar positions sometimes arise in the Orthodox Queen's Gambit
with 5.Bf4 (D37). However, there is a major difference: the white bishop now
stays passively on b2 (instead of f4). So, Black has no problems? Not
necessarily. The b2 bishop safely protects White's queenside and at the same
time prevents ...e6-e5. Meanwhile, White can develop his kingside initiative.
The "deliberate passivity" of a piece was a favourite strategical concept of
the late Georgian GM Bukhuti Gurgenidze. Still, despite all these
considerations, the truth is that the position is quite drawish.} 14. Rfc1 {
In my opinion, White should not have given his opponent an opportunity to
exchange a pair of rooks along the a-file; however, Black doesn't take it.} (
14. Rab1 $142) 14... Qb7 {Another drawback of this move - Black doesn't
control the e5 square anymore.} (14... axb4 $142 15. axb4 Rxa1 16. Rxa1 Qb7 {
[%cal Yf8a8]}) 15. Rab1 axb4 16. axb4 Rfa8 17. h3 Bd8 (17... Qc7 $5 18. Nd2
$140 bxc5 19. bxc5 e5) 18. Nd2 b5 (18... bxc5 19. bxc5 e5 $2 20. dxe5 Nxe5 21.
Nxd5 $1 {- see annotation to 14...Qb7!}) 19. f4 $36 Bc7 20. Nf3 Nf8 21. Rf1
N6d7 22. Rbe1 Re8 23. g4 Bb8 24. Re2 Qc8 25. Rg2 Qd8 26. h4 f6 {So, White has
obtained some pressure. But even here he fails to convert it into anything
substantial as Black's position is very solid.} 27. g5 (27. h5 $5) 27... Ng6 (
27... f5 $5) 28. h5 Ne7 29. Nh4 f5 30. Nf3 Qc8 31. Qb3 Nf8 32. Kf2 Qb7 33. Rgg1
Bc7 34. Ra1 Rea8 35. Rxa6 Rxa6 36. Qc2 Qc8 37. Nd2 Qe8 38. Qd1 Nd7 39. Qe2 Nb8
40. Rh1 Ra8 41. Qd1 Na6 42. Qb3 Qc8 43. h6 g6 44. Ra1 1/2-1/2

[Event "Sofia MTel Masters 4th"]
[Site "Sofia"]
[Date "2008.05.14"]
[Round "6"]
[White "Bu, Xiangzhi"]
[Black "Cheparinov, Ivan"]
[Result "0-1"]
[WhiteElo "2708"]
[BlackElo "2696"]
[Annotator "L'Ami,E"]
[PlyCount "88"]
[EventDate "2008.05.08"]
[EventType "tourn"]
[EventRounds "10"]
[EventCountry "BUL"]
[EventCategory "20"]
[SourceTitle "CBM 124"]
[Source "ChessBase"]
[SourceDate "2008.05.28"]
[SourceVersion "1"]
[SourceVersionDate "2008.05.28"]
[SourceQuality "1"]

1. c4 e6 2. Nc3 d5 3. d4 c6 4. e3 Nf6 5. b3 Nbd7 6. Bb2 Bd6 7. Nf3 O-O 8. Be2
Ne4 $5 ({I like this move for two reasons; first of all Black tries to make
use of the fact that White hasn't played Qc2, immideately fighting for the
initiative. Second, Bu had a hard time in Sofia and the quiet} 8... b6 {
would be less ambitious, making things easier for White.}) 9. Nd2 $6 ({I would
prefer} 9. Nxe4 dxe4 10. Nd2 f5 11. Qc2 {with unclear play. Now Black gets a
reasonable Stonewall position.}) 9... f5 10. O-O Qh4 11. f4 Nxd2 12. Qxd2 Nf6
13. a4 Rf7 (13... a5 {is the standard reaction but White seems to have some
edge after} 14. c5 Bc7 15. Rf3 $5 Ne4 16. Nxe4 fxe4 17. Rg3 $14 {With the text
move Black is preparing an attack, with g5-Rg7.}) 14. a5 g5 15. g3 Qh3 16. Bf3
gxf4 17. exf4 Bd7 {Now if Blacks gets enough time, he will go
Kh8-Rg8-Rfg7-Be8-Bh5 and be more than fine. Of course this is just a dream,
with his next move White starts operations aimed to distract Black from
executing these moves.} 18. Na4 Ne4 19. Bxe4 ({A very radical decision, the
alternative being} 19. Qe3 Rg7 20. Bg2 Qh6 21. Ba3 Bc7 (21... Bxa3 22. Rxa3 Be8
23. Nc5 Qf6 {is a worthy alternative.}) 22. Nc5 Rb8 {with dynamic equality.})
19... fxe4 20. Nc5 Be8 21. Ba3 Qf5 ({Threatening} 21... Z0 22. Nxe4 $1 Bxa3 23.
Ng5) 22. a6 b6 23. Nb7 Bxa3 24. Rxa3 Rg7 25. Nd6 Qf6 {Now Black is on the
verge of completing the transfer of his bishop to f3, followed by the Kh8-Rag8
etc. In the meantime White's play on the queenside has been stopped, it
transpires that White is in trouble.} 26. f5 Bh5 ({Perhaps better is} 26... e5
27. dxe5 Qxe5 28. Qh6 e3 $1 {when Black's central pawns are impressive, while}
29. f6 Rd7 {doesn't work for White. But of course, the game continuation is
very natural, Ivan turns the 'bad' bishop into a strong one.}) 27. fxe6 Bf3 {
The final destination has been reached!} 28. cxd5 cxd5 29. Nf7 h5 $1 {Entering
concrete play.} 30. Ne5 {It is important to eliminate the bishop.} h4 31. Nxf3
hxg3 $1 {Now the knight can't move because of gxh2+} 32. b4 $1 Rf8 33. h3 $1 {
Bu defended very well and is almost OK.} g2 ({Again a strong intermediate move,
White would be able to draw after} 33... exf3 34. Rfxf3 Qxf3 35. Rxf3 Rxf3 36.
e7 Rxe7 37. Qg5+ Rg7 38. Qd8+ Rf8 39. Qxd5+ Kh8 40. Qh5+ {with perpetual check.
}) 34. Re1 $2 ({Only now White is definitely lost. The only move White has at
his disposal is} 34. Rf2 {when} exf3 35. e7 {leads to a draw.}) 34... exf3 35.
Qf2 Qf5 36. Kh2 Qf4+ 37. Kg1 Qf5 {It is always smart to repeat moves once in
order to get closer to move 40.} 38. Kh2 Qf4+ 39. Kg1 Rg3 $1 40. e7 Rxh3 (40...
Re8 {is more precise, but the final result is the same.}) 41. exf8=Q+ Kxf8 42.
Rxf3 Rxf3 43. Re2 $5 {A final trick!} Kf7 ({And not} 43... Rxf2 $2 44. Rxf2
Qxf2+ 45. Kxf2 Kf7 46. Kxg2 Kf6 47. b5 $1 {which is drawn.}) 44. b5 Kf6 ({
And White resigned, the pawn ending is hopeless:} 44... Kf6 45. Qxf3 Qxf3 46.
Rf2 Qxf2+ 47. Kxf2 Kf5 {winning.}) 0-1